000 00545nam a22002177a 4500
003 UA-OsUOA
001 45280
007 ta
008 20070411b un ||||| |||| 00| 0 ukr d
100 _aРешетилова О.
090 _a908
_bР-11
942 _cSA
040 _aUA-OsUOA
_bukr
_cUA-OsUOA
_dUA-OsUOA
245 _aЧи довго руїна прикрашатиме центр Острога?
300 _aС.20
955 _a0
041 _aukr
080 _a908
773 0 _w45277
650 7 _a908 Краєзнавство
_2UDC
999 _c331379
_d331379